| Tag |
First Indicator |
Second Indicator |
Subfields |
| LEADER |
00000cam a2200000Ia 4500 |
| 001 |
in00002000545 |
| 005 |
20220105141708.0 |
| 006 |
m d |
| 007 |
cr cnu---unuuu |
| 008 |
040319s2003 nyua sb s001 0 eng d |
| 020 |
|
|
|a 1417500905 (electronic bk.)
|
| 035 |
|
|
|a (OCoLC)ocm54770935
|
| 040 |
|
|
|a N$T
|c N$T
|d OCLCQ
|d UtOrBLW
|
| 043 |
|
|
|a n-us-va
|
| 049 |
|
|
|a IKMN
|
| 050 |
1 |
4 |
|a LB2806
|b .E423 2003eb
|
| 082 |
0 |
4 |
|a 379.1/58/09755
|2 22
|
| 245 |
0 |
0 |
|a Educational leadership in an age of accountability :
|b the Virginia experience /
|c edited by Daniel L. Duke [and others].
|
| 264 |
|
1 |
|a Albany :
|b State University of New York Press,
|c [2003]
|
| 264 |
|
4 |
|c ©2003
|
| 300 |
|
|
|a vi, 221 pages :
|b illustrations ;
|c 23 cm.
|
| 336 |
|
|
|a text
|b txt
|2 rdacontent
|
| 337 |
|
|
|a computer
|b c
|2 rdamedia
|
| 338 |
|
|
|a online resource
|b cr
|2 rdacarrier
|
| 490 |
1 |
|
|a SUNY series in educational leadership
|
| 504 |
|
|
|a Includes bibliographical references and index.
|
| 533 |
|
|
|a Electronic reproduction.
|b Boulder, Colo. :
|c NetLibrary,
|d 2004.
|n Available via World Wide Web.
|n Access may be limited to NetLibrary affiliated libraries.
|
| 500 |
|
|
|a Electronic resource.
|
| 650 |
|
0 |
|a Educational leadership
|z Virginia.
|
| 650 |
|
0 |
|a Educational accountability
|z Virginia.
|0 http://id.loc.gov/authorities/subjects/sh2009102555
|
| 650 |
|
0 |
|a School improvement programs
|z Virginia.
|
| 655 |
|
7 |
|a Electronic books.
|2 local
|
| 700 |
1 |
|
|a Duke, Daniel Linden.
|0 http://id.loc.gov/authorities/names/n77013774
|
| 710 |
2 |
|
|a NetLibrary, Inc.
|0 http://id.loc.gov/authorities/names/no99080690
|
| 776 |
1 |
|
|c Original
|z 0791456757
|z 0791456765
|w (DLC) 2002067030
|w (OCoLC)49664518
|
| 830 |
|
0 |
|a SUNY series in educational leadership.
|0 http://id.loc.gov/authorities/names/n84716959
|
| 856 |
4 |
1 |
|u https://proxy.library.tamu.edu/login?url=http://www.netLibrary.com/urlapi.asp?action=summary&v=1&bookid=105459
|z Connect to the full text of this electronic book
|t 0
|
| 994 |
|
|
|a 92
|b IKM
|
| 999 |
|
|
|a MARS
|
| 999 |
f |
f |
|s 2a423275-66d1-3f9e-b4e8-c37dc047e857
|i 0fbb3df6-a55f-34e6-83a3-e078428f8672
|t 0
|
| 952 |
f |
f |
|a Texas A&M University
|b College Station
|c Electronic Resources
|d Available Online
|t 0
|e LB2806 .E423 2003eb
|h Library of Congress classification
|
| 998 |
f |
f |
|a LB2806 .E423 2003eb
|t 0
|l Available Online
|